00333 2200145 4500001002100000005001500021035002000036245004000056100001400096300001200110260003100122082000800153084001400161990001200175INLIS00000000000191620250521072909 a0010-05250002081 aSerpihan Mutiara Retak /cNina Pane0 aNina Pane a244 hlm aJakarta :bGramedia,c2000 a800 a800 NIN s a0713435